00154nam a22000737a 4500003000400000245004900004260001400053300001300067SGT aInternational Journal of Pediatric Dentistry c2010-2011 a465; 475